Sports Quiz

Random Sports or Country Quiz

Summer Olympics Bunker Quiz Stats

 Plays Quiz Updated Aug 20, 2016

Also try: Olympics by Emblem
Challenge
Share
Tweet
Embed
Score 0/15 Timer 04:00
3 Plays Today
Question Answer % Correct
????
100%
????
96.9%
????
75.9%
????
67.6%
????
62.4%
????
56.8%
????
45.9%
????
40.6%
Question Answer % Correct
????
29.5%
????
29.4%
????
19%
????
15.4%
????
12%
????
8.9%
????
2.8%

You're not logged in!

Compare scores with friends on all Sporcle quizzes.
OR
Log In

You Might Also Like...

Show Comments

Extras

Top Quizzes Today


Score Distribution

Your Account Isn't Verified!

In order to create a playlist on Sporcle, you need to verify the email address you used during registration. Go to your Sporcle Settings to finish the process.

Report this User

Report this user for behavior that violates our Community Guidelines.

Details: